| 000 | 00580nam a22001577a 4500 | ||
|---|---|---|---|
| 003 | NUST | ||
| 082 | _a670 | ||
| 100 |
_a Zafar ,Muhammad Hassan _9122433 |
||
| 245 |
_aMENTAL WORKLOAD CALCULATION USING VACP METHOD AND DISCRETE EVENT SIMULATION / _cMuhammad Hassan Zafar |
||
| 264 |
_aIslamabad: _bSMME- NUST. _c2021. |
||
| 300 |
_a54p. ; _bSoft Copy, _c30cm. |
||
| 650 |
_aMS Design and Manufacturing Engineering _9119567 |
||
| 700 |
_aSupervisor : Dr. Shahid Ikram Ullah Butt _9122372 |
||
| 856 | _uhttp://10.250.8.41:8080/xmlui/handle/123456789/26606 | ||
| 942 |
_2ddc _cTHE |
||
| 999 |
_c608928 _d608928 |
||